000 01108nam0a2200313 4500
001 RU\NLR\bibl\76970
005 20250616102211.0
010 _a5-85165-332-9
_9500
021 _aRU
_b1998-51411
_92473
035 _a(NLR Aleph) 000075132
090 _a416088
_c416088
100 _a20000327d1998 |||y0rusy50 ca
101 0 _arus
_deng
102 _aRU
105 _aa |||||||||
200 1 _aБыстрое инициирование ВВ. Особые режимы детонации
_eСб. науч. ст.
_fПод ред. В.И. Таржанова
210 _aСнежинск
_cИзд-во РФЯЦ-ВНИИТФ
_d1998
215 _a166,[2] с.
_cил.
_d24
300 _aРез. на англ. яз.
320 _aБиблиогр. в конце ст.
606 0 _aВзрывчатые вещества
_jСборники
_xДетонация
_91252547
_3RU\NLR\auth\66195909
686 _aГ543.215я22
702 1 _aТаржанов
_bВ. И.
_4340
801 0 _aRU
_bNLR
_c20000327
_gPSBO
801 1 _aRU
_bNLR
_c20000327
852 _aNLR
_j99-7/3143
942 _cBOOK
980 _aNB